The way west : (Record no. 324549)
[ view plain ]
| 000 -LEADER | |
|---|---|
| fixed length control field | 02381cam a2200517Ia 4500 |
| 001 - CONTROL NUMBER | |
| control field | ocm49196493 |
| 003 - CONTROL NUMBER IDENTIFIER | |
| control field | OCoLC |
| 005 - DATE AND TIME OF LATEST TRANSACTION | |
| control field | 20200320223519.0 |
| 008 - FIXED-LENGTH DATA ELEMENTS--GENERAL INFORMATION | |
| fixed length control field | 020226s2002 mauab d 000 1 eng |
| 020 ## - INTERNATIONAL STANDARD BOOK NUMBER | |
| International Standard Book Number | 0618154620 |
| 020 ## - INTERNATIONAL STANDARD BOOK NUMBER | |
| International Standard Book Number | 9780618154623 |
| 029 1# - (OCLC) | |
| OCLC library identifier | YDXCP |
| System control number | 1787849 |
| 035 ## - SYSTEM CONTROL NUMBER | |
| System control number | (OCoLC)49196493 |
| 040 ## - CATALOGING SOURCE | |
| Original cataloging agency | VA@ |
| Language of cataloging | eng |
| Transcribing agency | VA@ |
| Modifying agency | OCLCQ |
| -- | BAKER |
| -- | OCLCQ |
| -- | YDXCP |
| -- | OCLCG |
| -- | OCLCQ |
| -- | LTP |
| -- | BDX |
| -- | OCLCA |
| -- | OCLCF |
| -- | OCLCQ |
| -- | OCLCO |
| -- | DCB |
| -- | OCLCO |
| -- | OCL |
| -- | HCO |
| -- | FAF |
| -- | JZ6 |
| -- | WACOL |
| 049 ## - LOCAL HOLDINGS (OCLC) | |
| Holding library | WACL |
| 050 #4 - LIBRARY OF CONGRESS CALL NUMBER | |
| Classification number | PS3513.U855 |
| Item number | W3 2002 |
| 082 #4 - DEWEY DECIMAL CLASSIFICATION NUMBER | |
| Classification number | 813.52 |
| 092 ## - LOCALLY ASSIGNED DEWEY CALL NUMBER (OCLC) | |
| Classification number | Fiction |
| Item number | Gut |
| 100 1# - MAIN ENTRY--PERSONAL NAME | |
| Personal name | Guthrie, A. B., |
| Titles and other words associated with a name | Jr. |
| Fuller form of name | (Alfred Bertram), |
| Dates associated with a name | 1901-1991. |
| 9 (RLIN) | 6021055 |
| 245 14 - TITLE STATEMENT | |
| Title | The way west : |
| Remainder of title | a novel / |
| Statement of responsibility, etc | A.B. Guthrie, Jr. |
| 250 ## - EDITION STATEMENT | |
| Edition statement | 1st Mariner Books ed. |
| 260 ## - PUBLICATION, DISTRIBUTION, ETC. (IMPRINT) | |
| Place of publication, distribution, etc | Boston ; |
| -- | New York : |
| Name of publisher, distributor, etc | Houghton Mifflin, |
| Date of publication, distribution, etc | 2002. |
| 300 ## - PHYSICAL DESCRIPTION | |
| Extent | 340 pages : |
| Other physical details | illustrations, map ; |
| Dimensions | 21 cm |
| 336 ## - Content Type | |
| Content type term | text |
| 337 ## - Media type | |
| Media type term | unmediated |
| 338 ## - Carrier type | |
| Carrier type term | volume |
| 500 ## - GENERAL NOTE | |
| General note | "A Mariner Book." |
| 520 ## - SUMMARY, ETC. | |
| Summary, etc | "An enormously entertaining classic, 'The way west' brings to life the adventure of western passage and the pioneer spirit. The sequel to 'The Big Sky', this celebrated novel charts a frontiersman's return to the untamed West in 1846. Dick Summers, as pilot of a wagon train, guides a group of settlers on the difficult journey from Missouri to Oregon"--Back cover. |
| 586 ## - AWARDS NOTE | |
| Awards note | Pulitzer Prize, 1950: Fiction |
| 521 ## - TARGET AUDIENCE NOTE | |
| Target audience note | Fiction |
| Source | Baker & Taylor |
| 651 #0 - SUBJECT ADDED ENTRY--GEOGRAPHIC NAME | |
| Geographic name | Oregon National Historic Trail |
| Form subdivision | Fiction. |
| 9 (RLIN) | 5679186 |
| 650 #0 - SUBJECT ADDED ENTRY--TOPICAL TERM | |
| Topical term or geographic name as entry element | Frontier and pioneer life |
| Form subdivision | Fiction. |
| 9 (RLIN) | 5674072 |
| 650 #7 - SUBJECT ADDED ENTRY--TOPICAL TERM | |
| Topical term or geographic name as entry element | Frontier and pioneer life. |
| Source of heading or term | fast |
| -- | (OCoLC)fst00935370 |
| 9 (RLIN) | 6021056 |
| 651 #7 - SUBJECT ADDED ENTRY--GEOGRAPHIC NAME | |
| Geographic name | United States |
| Geographic subdivision | Oregon National Historic Trail. |
| Source of heading or term | fast |
| -- | (OCoLC)fst01289519 |
| 9 (RLIN) | 5679188 |
| 655 #7 - INDEX TERM--GENRE/FORM | |
| Genre/form data or focus term | Western fiction. |
| Source of term | fast |
| -- | (OCoLC)fst01726776 |
| 9 (RLIN) | 5687771 |
| 655 #7 - INDEX TERM--GENRE/FORM | |
| Genre/form data or focus term | Fiction. |
| Source of term | fast |
| -- | (OCoLC)fst01423787 |
| 9 (RLIN) | 5673940 |
| 655 #7 - INDEX TERM--GENRE/FORM | |
| Genre/form data or focus term | Western fiction. |
| Source of term | lcgft |
| 9 (RLIN) | 5687771 |
| 655 #7 - INDEX TERM--GENRE/FORM | |
| Genre/form data or focus term | Western stories. |
| Source of term | gsafd |
| 9 (RLIN) | 6021057 |
| 938 ## - | |
| -- | Baker & Taylor |
| -- | BKTY |
| -- | 14.00 |
| -- | 10.50 |
| -- | 0618154620 |
| -- | 0003736331 |
| -- | active |
| 938 ## - | |
| -- | Brodart |
| -- | BROD |
| -- | 57272247 |
| -- | $14.00 |
| 938 ## - | |
| -- | YBP Library Services |
| -- | YANK |
| -- | 1787849 |
| 942 ## - ADDED ENTRY ELEMENTS (KOHA) | |
| Koha item type | BOOK |
| 948 ## - LOCAL PROCESSING INFORMATION (OCLC); SERIES PART DESIGNATOR (RLIN) | |
| Series part designator, SPT (RLIN) | 03/03/2020 |
| z (OCLC) | Sirsi |
| 994 ## - | |
| -- | C0 |
| -- | WACOL |
| 996 ## - | |
| -- | 175946 |
| -- | 34301001682121 |
| -- | F |
| -- | bk |
| -- | wcl |
| -- | i |
| -- | 0 |
| -- | 15.95 |
| -- | Baker & Taylor |
| -- | Gut |
| -- | 03/03/2020 |
| -- | 03/03/2020 |
| Withdrawn status | Lost status | Source of classification or shelving scheme | Damaged status | Not for loan | Collection code | Home library | Current library | Shelving location | Date acquired | Cost, normal purchase price | Total Checkouts | Total Renewals | Full call number | Barcode | Date last seen | Date checked out | Cost, replacement price | Price effective from | Koha item type |
|---|---|---|---|---|---|---|---|---|---|---|---|---|---|---|---|---|---|---|---|
| Dewey Decimal Classification | Fiction | Wasatch County Library | Wasatch County Library | First Floor | 03/03/2020 | 15.95 | 3 | 4 | F Guthrie | 34301001682121 | 02/03/2026 | 01/14/2026 | 15.95 | 03/20/2020 | BOOK |
